000
00247nam a2200085Ia 4500
245
0
_a
Cool forensic tools : technology at work
100
_a
Beck, Esther Edina, Minn., 2009
_9
76344
942
_c
BK
008
210819s9999 xx 000 0 und d
999
_c
282188
_d
282186